Catalogue de reproductions de peintures antérieures à 1860 = Catalogue of reproductions of paintings prior to 1860 = Catálogo de reproducciones de pinturas anteriores a 1860 /

Bibliographic Details
Previous Title:Catalogue de reproductions en couleurs de peintures antérieures à 1860
Corporate Author: Unesco
Format: Serial
Language:French
English
Spanish
Published: Paris : Unesco, [1972-]
Subjects:
Online Availability: Check for online availability

MARC

Tag First Indicator Second Indicator Subfields
LEADER 00000cas a2200000 a 4500
001 in00000048897
005 20151007075730.0
008 760427d19721978fr ux c i0uuub0fre d
010 |a sn 85014585  
019 |a 4712141  |a 1026925 
022 |a 0501-3518 
035 |a (OCoLC)02142808 
035 |9 AAF3730AM 
040 |a COO  |c COO  |d IUL  |d m.c.  |d MUL  |d NYG  |d IUL  |d OCL  |d NST  |d m/c  |d TXA  |d UtOrBLW 
041 0 |a fre  |a eng  |a spa 
049 |a TXAE 
090 |a NE1860.A2  |b U5 
245 0 0 |a Catalogue de reproductions de peintures antérieures à 1860 =  |b Catalogue of reproductions of paintings prior to 1860 = Catálogo de reproducciones de pinturas anteriores a 1860 /  |c Unesco. 
246 1 1 |a Catalogue of reproductions of paintings prior to 1860 
246 3 1 |a Catálogo de reproducciones de pinturas anteriores a 1860  
264 1 |a Paris :  |b Unesco,  |c [1972-] 
300 |a 10 volumes :  |b illustrations ;  |c 23 cm. 
336 |a text  |b txt  |2 rdacontent 
337 |a unmediated  |b n  |2 rdamedia 
338 |a volume  |b nc  |2 rdacarrier 
362 0 |a [9. ed.]-10 ed. (1978). 
500 |a Title varies slightly. 
650 0 |a Color prints  |v Catalogs. 
650 0 |a Painting  |v Catalogs. 
710 2 |a Unesco. 
780 0 0 |t Catalogue de reproductions en couleurs de peintures antérieures à 1860  |w (OCoLC)2155484 
999 |a MARS 
999 f f |s 9c9db1be-c891-3a95-a022-ad0443690ea6  |i dd16900b-bbcc-342a-8f8e-7f6c1efb8bab  |t 0 
952 f f |p serial  |a Texas A&M University  |b College Station  |c Sterling C. Evans Library  |d Evans: Library Stacks  |t 0  |e NE1860.A2 U5  |h Library of Congress classification  |i unmediated -- volume  |k 9th  |l 1972  |m A14842357700 
952 f f |p serial  |a Texas A&M University  |b College Station  |c Sterling C. Evans Library  |d Evans: Library Stacks  |t 0  |e NE1860.A2 U5  |h Library of Congress classification  |i unmediated -- volume  |k 10th  |l 1978  |m A14842357692 
998 f f |a NE1860.A2 U5  |s 9th ed.-10th (1972-1974)  |t 0  |l Evans: Library Stacks